000 00805nam a2200253 i 4500
003 DO-SdBNP
005 20240521100156.0
007 ta
008 240521s1992 dr 000 0 spa d
040 _aDO-SdBNP
_bspa
_cBNPHU
_erda
082 _222
110 1 _aPlan Educativo
_956501
245 1 4 _aPropuesta para incrementar la cobertura y mejorar la calidad de la educación inicial dominicana y la formación de educadores de este nivel educativo /
250 _a18a. edición
264 1 _aSanto Domingo :
_bImpretur,
_c1992.
300 _a29 páginas
_c21 cm.
336 _2rdacontent
_atexto
_btxt
337 _2rdamedia
_asin mediación
_bn
338 _2rdacarrier
_avolumen
_bnc
490 1 _aPlan educativo
_v18
590 _aInventariado, 2024/ YL
910 _aYLockward
942 _2ddc
_cLF2
999 _c56706
_d56706